<?xml version="1.0" encoding="UTF-8"?>
<record
    xmlns:xsi="http://www.w3.org/2001/XMLSchema-instance"
    xsi:schemaLocation="http://www.loc.gov/MARC21/slim http://www.loc.gov/standards/marcxml/schema/MARC21slim.xsd"
    xmlns="http://www.loc.gov/MARC21/slim">

  <leader>00811nam a2200205Ia 4500</leader>
  <controlfield tag="003">IN-BaIIA</controlfield>
  <controlfield tag="008">211028s9999    xx            000 0 eng d</controlfield>
  <datafield tag="040" ind1=" " ind2=" ">
    <subfield code="c">IIA Library</subfield>
  </datafield>
  <datafield tag="080" ind1=" " ind2=" ">
    <subfield code="a">523.64</subfield>
    <subfield code="b">BAT</subfield>
  </datafield>
  <datafield tag="111" ind1=" " ind2=" ">
    <subfield code="a">ESLAB Symposium on the exploration of Halley's comet</subfield>
    <subfield code="n">20th</subfield>
    <subfield code="c">Germany</subfield>
    <subfield code="d">1986 Oct. 27-31</subfield>
    <subfield code="9">28069</subfield>
  </datafield>
  <datafield tag="245" ind1=" " ind2="0">
    <subfield code="a">Exploration of Halley's comet</subfield>
    <subfield code="b">20th ESLAB symposium on the exploration of Halley's comet held in Heidelberg, Germany, 27-31 Oct 1986</subfield>
    <subfield code="c">edited by B. Battrick and Erica Rolfe                                           </subfield>
  </datafield>
  <datafield tag="260" ind1=" " ind2=" ">
    <subfield code="a">France</subfield>
    <subfield code="b">European Space Agency</subfield>
    <subfield code="c">1986</subfield>
  </datafield>
  <datafield tag="300" ind1=" " ind2=" ">
    <subfield code="a">viii, 466p.</subfield>
  </datafield>
  <datafield tag="650" ind1=" " ind2=" ">
    <subfield code="a">Comet coma</subfield>
    <subfield code="9">28070</subfield>
  </datafield>
  <datafield tag="650" ind1=" " ind2=" ">
    <subfield code="a">Flux distribution</subfield>
    <subfield code="9">28071</subfield>
  </datafield>
  <datafield tag="650" ind1=" " ind2=" ">
    <subfield code="a">JET structures</subfield>
    <subfield code="9">28072</subfield>
  </datafield>
  <datafield tag="700" ind1=" " ind2=" ">
    <subfield code="a">Battrick, B., ed.</subfield>
    <subfield code="9">11567</subfield>
  </datafield>
  <datafield tag="700" ind1=" " ind2=" ">
    <subfield code="a">Rolfe, Erica, ed.</subfield>
  </datafield>
  <datafield tag="942" ind1=" " ind2=" ">
    <subfield code="c">BK</subfield>
  </datafield>
  <datafield tag="999" ind1=" " ind2=" ">
    <subfield code="c">15238</subfield>
    <subfield code="d">15238</subfield>
  </datafield>
  <datafield tag="952" ind1=" " ind2=" ">
    <subfield code="0">0</subfield>
    <subfield code="1">0</subfield>
    <subfield code="4">0</subfield>
    <subfield code="7">0</subfield>
    <subfield code="a">BAN</subfield>
    <subfield code="b">KAV</subfield>
    <subfield code="c">GEN</subfield>
    <subfield code="d">2003-07-17</subfield>
    <subfield code="l">0</subfield>
    <subfield code="o">523.64/ BAT</subfield>
    <subfield code="p">16160</subfield>
    <subfield code="r">2021-11-05</subfield>
    <subfield code="w">2003-07-17</subfield>
    <subfield code="y">BK</subfield>
  </datafield>
</record>
